|
|
|
|
| LEADER |
00000nas a2200000 i 4500 |
| 001 |
ssj0000327813 |
| 003 |
WaSeSS |
| 005 |
20200512172242.0 |
| 006 |
m d |
| 007 |
cr n |
| 008 |
090514c20079999cauqr p s 0 0eng c |
| 010 |
|
|
|a 2018257006
|
| 015 |
|
|
|a GBB604975
|2 bnb
|
| 016 |
7 |
|
|a 013248054
|2 Uk
|
| 022 |
|
|
|a 1748-3026
|y 1748-3018
|
| 035 |
|
|
|a (WaSeSS)ssj0000327813
|
| 037 |
|
|
|a ACT
|b Sage (UK) Ltd
|
| 040 |
|
|
|a OCLCS
|b eng
|c OCLCS
|d OCLCQ
|d SINUS
|d OCLCF
|d OCLCQ
|d UAB
|d COO
|d VT2
|d Z5A
|d NLE
|d INU
|d UKMGB
|d SFB
|d WaSeSS
|
| 042 |
|
|
|a pcc
|
| 050 |
|
4 |
|a QA9.58
|b JACTJ
|
| 082 |
0 |
4 |
|a 518.1
|2 22
|
| 245 |
0 |
0 |
|a Journal of algorithms & computational technology
|h [electronic resource].
|
| 246 |
3 |
|
|a Journal of algorithms and computational technology
|
| 246 |
1 |
3 |
|a JACT
|
| 260 |
|
|
|a Thousand Oaks, CA :
|b Sage Publications,
|c [2007]-
|
| 310 |
|
|
|a Quarterly
|
| 362 |
1 |
|
|a Began with volume 1, issue 1 (January 2007).
|
| 506 |
|
|
|a License restrictions may limit access.
|
| 588 |
|
|
|a Description based on: Volume 1, isssue 1 (January 2007); title from table of contents page (publisher's website, viewed January 5, 2018).
|
| 588 |
|
|
|a Latest issue consulted: Volume 11, issue 4 (December 2017) (publisher's website, viewed January 5, 2018).
|
| 650 |
|
0 |
|a Computer algorithms
|v Periodicals.
|
| 650 |
|
0 |
|a Numerical calculations
|v Periodicals.
|
| 650 |
|
7 |
|a Computer algorithms.
|2 fast
|0 (OCoLC)fst00872010
|
| 650 |
|
7 |
|a Numerical calculations.
|2 fast
|0 (OCoLC)fst01041288
|
| 655 |
|
0 |
|a Electronic journals.
|
| 776 |
0 |
8 |
|i Print version:
|t Journal of algorithms & computational technology
|x 1748-3018
|w (OCoLC)234140571
|
| 856 |
4 |
0 |
|z Full text available from Research Library: 03/01/2018 to present
|u https://search.proquest.com/publication/4450829
|